Fiona Apple Discography Quiz - Statistics

General Stats
  • This quiz has been taken 958 times
  • The average score is 34 of 55
Answer Stats
Answer % Correct
Criminal
92%
Paper Bag
90%
Fetch the Bolt Cutters
82%
Extraordinary Machine
81%
Shadowboxer
78%
Shameika
78%
I Know
77%
I Want You To Love Me
77%
Sleep to Dream
76%
Fast as You Can
74%
Get Gone
74%
Limp
74%
Sullen Girl
74%
Carrion
72%
On the Bound
71%
Slow Like Honey
70%
The First Taste
69%
Under the Table
69%
Valentine
68%
Pale September
66%
A Mistake
63%
Jonathan
63%
Werewolf
63%
Hot Knife
62%
Cosmonauts
61%
Ladies
61%
Please, Please, Please
61%
Never Is a Promise
60%
The Child is Gone
60%
To Your Love
60%
Love Ridden
59%
O' Sailor
59%
Red, Red, Red
59%
Every Single Night
58%
Newspaper
58%
The Way Things Are
58%
For Her
57%
Tymps (The Sick in the Head Song)
56%
Not About Love
54%
Waltz (Better than Fine)
54%
Daredevil
52%
Drumset
50%
Get Him Back
50%
Heavy Balloon
50%
Rack of His
49%
Relay
49%
Window
49%
On I Go
48%
Oh Well
47%
Periphery
45%
Regret
43%
Better Version of Me
42%
Left Alone
42%
Anything We Want
41%
Parting Gift
40%
No matching quizzes found
Score Distribution
Percent of People with Each Score
Percentile by Number Answered
Your Score History
You have not taken this quiz